Historie Duny. 3, Bitva o Corrin /
Závěrečná část Historie Duny opět líčí urputný boj o světovládu mezi člověkem a dokonalým strojem.
Uloženo v:
| Série: | Historie Duny,
část 3 |
|---|---|
| Hlavní autor: | |
| Další autoři: | , |
| Médium: | E-kniha |
| Jazyk: | Czech |
| Vydáno: |
Praha :
Baronet,
2024
|
| Vydání: | 2. vydání |
| Témata: | |
| Příbuzné jednotky: | Z cyklu::
Historie Duny |
| Tagy: |
Žádné tagy |
| LEADER | 02362cam a2200481 i 4500 | ||
|---|---|---|---|
| 001 | 312304 | ||
| 003 | CZ PrSKC | ||
| 005 | 20260601215720.0 | ||
| 007 | ta | ||
| 008 | 240229s2024 xr g 000 f cze | ||
| 015 | |a cnb003591671 | ||
| 020 | |a 9788026921714 |q (vázáno) | ||
| 035 | |a (OCoLC)1429251224 | ||
| 040 | |a ABG001 |b cze |d OLA001 |d ABA001 |e rda | ||
| 041 | 1 | |a cze |h eng | |
| 072 | 7 | |a 821.111(73)-3 |x Americká próza |2 Konspekt | |
| 080 | |a 821.111(73)-31 |2 MRF | ||
| 080 | |a (0:82-311.9) |2 MRF | ||
| 100 | 1 | |a Herbert, Brian, |d 1947- |7 jn20001103600 |4 aut | |
| 240 | 1 | 0 | |a Battle of Corrin. |l Česky |
| 245 | 1 | 0 | |a Historie Duny. |n 3, |p Bitva o Corrin / |c Brian Herbert, Kevin J. Anderson ; z anglického originálu Dune - The battle of Corrin přeložila ... Dana Chodilová |
| 246 | 3 | 0 | |a Bitva o Corrin |
| 250 | |a 2. vydání | ||
| 264 | 1 | |a Praha : |b Baronet, |c 2024 | |
| 300 | |a 629 stran ; |c 21 cm | ||
| 336 | |a text |b txt |2 rdacontent | ||
| 337 | |a bez média |b n |2 rdamedia | ||
| 338 | |a svazek |b nc |2 rdacarrier | ||
| 520 | 2 | |a Závěrečná část Historie Duny opět líčí urputný boj o světovládu mezi člověkem a dokonalým strojem. |b Poslední část klasického sci-fi románu popisuje boj na život a na smrt. Tentokrát se zdá, že lidstvo má již vyhráno. Lidské světy doufají v mír, Omnius se však připravil k poslednímu úderu. Mezi lidstvo se rozšiřuje smrtelná nákaza, která ničí obyvatelstvo celých planet. | |
| 655 | 7 | |a americké romány |7 fd131796 |2 czenas | |
| 655 | 7 | |a vědecko-fantastické romány |7 fd133847 |2 czenas | |
| 655 | 9 | |a American fiction |2 eczenas | |
| 655 | 9 | |a science fiction novels |2 eczenas | |
| 700 | 1 | |a Anderson, Kevin J., |d 1962- |7 jn20001103601 |4 aut | |
| 700 | 1 | |a Chodilová, Dana, |d 1964- |7 xx0017374 |4 trl | |
| 765 | 1 | |t Dune | |
| 787 | 0 | 8 | |i Z cyklu: |t Historie Duny |g 3 |
| 900 | |a ABA001 |b 20 | ||
| 928 | 9 | |a Albatros Media - Baronet | |
| 044 | |a xr | ||
| 910 | |a RBIT002 | ||
| 998 | |d 399119 |a https://core.palmknihy.cz/api/books/399119/cover?s9a8st |b https://core.palmknihy.cz/api/books/399119/cover/400?s9a8st |c https://core.palmknihy.cz/api/books/399119/cover/50?s9a8st |e 2028-08-08 |g 632 |i 9788026921714 |j https://core.palmknihy.cz/api/books/399119/preview.epub |k https://core.palmknihy.cz/api/books/399119/preview.pdf |l |q 49 |r 1 |s https://www.palmknihy.cz/kniha/399119 |t ebook |y 2024 |z 0 | ||
| 999 | |d 312302 | ||